000 00908nam a2200265Ia 4500
999 _c32257
_d32257
003 GCL
005 20240530102436.0
008 140319s9999 xx 000 0 ara d
040 _aGCL /
_cGCL
082 0 4 _a910.132
_bد ج
100 1 _aدولت احمد صادق
245 1 0 _aالجغرافيا السياسية /
_cدولت احمد صادق
260 _aالقاهرة :
_bمكتبة الانجلوالمصرية ،
_c1986
300 _a793 ص ؛
_c28 سم
650 0 4 _aالسياسة الدولية
650 0 4 _aالعلاقات الخارجية
650 0 4 _aالسكان
650 0 4 _aالجغرافيا البشرية
650 0 4 _aالسياسة الاجتماعية
650 0 4 _aالحدود السياسية
650 0 4 _aالجغرافيا السياسية
700 1 _aجمال الدين الدناصورى
700 1 _aمحمد السيد غلاب
942 _2ddc
_cBK